000 00650cas a2200193 04500
001 44906
021 _b204341/03
090 _a44906
100 _a19940323a19229999km y0pory5003 ba
101 0 _apor
102 _aPT
200 1 _aEstudos
_erevista do Centro Académico de Democracia Cristã
_fCentro Académico de Democracia Cristã
_gdir. José Augusto Vaz Pinto
_gdir. José Carlos Seabra Pereira
210 9 _aCoimbra
_cCentro Académico de Democracia Cristã
_d1922-
215 _d19 cm
675 _a27-72(05)
702 1 _aPinto,
_bJosé Augusto Vaz,
_f1903-?
_4300
712 0 2 _aCentro Académico de Democracia Cristã
801 0 _aPT
_bBN
_gRPC
990 _cLIVROS